| 000 | 00878nam0a2200265 4500 | ||
|---|---|---|---|
| 001 | RU\NLR\BIBL_A\012433824 | ||
| 005 | 20260406120700.0 | ||
| 035 | _a(NLR Aleph) 012433824 | ||
| 090 |
_a13302574 _c13302574 |
||
| 100 | _a20210118d1957 |||y0rusy50 ca | ||
| 101 | 1 |
_aaze _crus |
|
| 102 | _aAZ | ||
| 105 | _ay z 000 y | ||
| 181 | 0 |
_ai _baxxe |
|
| 182 | 0 | _an | |
| 200 | 1 |
_aГарачылар _eПоема _fА. С. Пушкин |
|
| 203 |
_aТекст _bвизуальный _cнепосредственный |
||
| 210 |
_aБакы _cУшагҝәнҹнәшр _d1957 |
||
| 215 |
_a28, [1] с. _d16 |
||
| 541 | 1 |
_6z01700 _aЦыганы _eпоэма _zrus |
|
| 700 | 1 |
_4070 _7ca _8rus _aПушкин _bА. С. _cпоэт _f1799-1837 _gАлександр Сергеевич _9110441 _3RU\NLR\AUTH\77386 |
|
| 852 |
_aNLR _bОНЛ _jАзерб./2-8922 |
||
| 942 | _cBOOK | ||
| 980 | _aNB | ||